00635nam a2200145 a 4500008004100000050001700041100001900058245003600077260003200113300002000145350000900165995014900174995014900323999001700472120416s1990 ||||||||||||||||| || u aTJ 212.5 Che aChesmond, C. J10aBasic control system technology aLondonbEdward Arnoldc1990 av, 362p. : ill. a0.00 aMAIN LIBRARY OPEN ACCESSD0.00e727006FCBU-MAIN LIBRARY (Kitwe)H2I25.00jTJ 212.5 CheUAVAILABLEy018098ZMain Library Open Access Collection aMAIN LIBRARY OPEN ACCESSD0.00e727007FCBU-MAIN LIBRARY (Kitwe)H1I25.00jTJ 212.5 CheUAVAILABLEy018099ZMain Library Open Access Collection c84538d84538